MyGZULibrary

Struggle for Africa. (Record no. 620)

MARC details
000 -LEADER
fixed length control field 00822cam a22003011 4500
001 - CONTROL NUMBER
control field 9788289
003 - CONTROL NUMBER IDENTIFIER
control field GZU
005 - DATE AND TIME OF LATEST TRANSACTION
control field 20200908153004.0
008 - FIXED-LENGTH DATA ELEMENTS--GENERAL INFORMATION
fixed length control field 840705s1953 enk n 000 0 eng
010 ## - LIBRARY OF CONGRESS CONTROL NUMBER
LC control number 53030603
015 ## - NATIONAL BIBLIOGRAPHY NUMBER
National bibliography number GB53-4556
020 ## - INTERNATIONAL STANDARD BOOK NUMBER
International Standard Book Number 9780582490291
035 ## - SYSTEM CONTROL NUMBER
System control number (OCoLC)10917526
040 ## - CATALOGING SOURCE
Original cataloging agency DLC
Transcribing agency ScU
Modifying agency Uk
-- DLC
042 ## - AUTHENTICATION CODE
Authentication code premarc
043 ## - GEOGRAPHIC AREA CODE
Geographic area code f------
050 00 - LIBRARY OF CONGRESS CALL NUMBER
Classification number DT 30.5 BAR 1953
100 1# - MAIN ENTRY--PERSONAL NAME
Personal name Bartlett, Vernon,
Dates associated with a name 1894-1983.
245 10 - TITLE STATEMENT
Title Struggle for Africa.
260 ## - PUBLICATION, DISTRIBUTION, ETC.
Place of publication, distribution, etc. London,
Name of publisher, distributor, etc. F. Muller
Date of publication, distribution, etc. [1953]
300 ## - PHYSICAL DESCRIPTION
Extent 246p.
Other physical details ill.
Dimensions 21 cm.
500 ## - GENERAL NOTE
General note Includes index
650 #0 - SUBJECT ADDED ENTRY--TOPICAL TERM
Topical term or geographic name entry element Nationalism
Geographic subdivision Africa
650 #0 - SUBJECT ADDED ENTRY--TOPICAL TERM
Topical term or geographic name entry element Indigenous peoples
Geographic subdivision Africa
651 #0 - SUBJECT ADDED ENTRY--GEOGRAPHIC NAME
Geographic name Africa
General subdivision Politics and government.
906 ## - LOCAL DATA ELEMENT F, LDF (RLIN)
a 7
b cbc
c oclcrpl
d u
e ncip
f 19
g y-gencatlg
942 ## - ADDED ENTRY ELEMENTS (KOHA)
Koha item type Books
Classification part 30.5
Item part BAR
Call number prefix DT
Holdings
Withdrawn status Lost status Damaged status Not for loan Collection code Home library Current library Shelving location Date acquired Total Checkouts Full call number Barcode Date last seen Copy number Price effective from Koha item type
        Non-fiction City Campus Library City Campus Library General Stacks 10/22/2015   DT 30.5 BAR 1953 016432 09/08/2020 C-1 09/08/2020 Books